书目信息 |
| 题名: |
建设监理资料员一本通
|
|
| 作者: | 本书编委会编 | |
| 分册: | ||
| 出版信息: | 哈尔滨 哈尔滨工程大学出版社 2008.01 |
|
| 页数: | 358页 | |
| 开本: | 26cm | |
| 丛书名: | 资料员一本通系列 | |
| 单 册: | ||
| 中图分类: | G275.3 | |
| 科图分类: | ||
| 主题词: | 建筑工程--jian zhu gong cheng--监督管理--技术档案--档案管理 | |
| 电子资源: | ||
| ISBN: | 978-7-81133-090-8 | |
| 000 | 00934nam 2200253 450 | |
| 001 | 012008504149 | |
| 005 | 20080509164912.55 | |
| 010 | @a978-7-81133-090-8@dCNY50.00 | |
| 100 | @a20080509d2008 em y0chiy0120 ea | |
| 101 | 0 | @achi |
| 102 | @aCN@b230000 | |
| 105 | @aak a 000yy | |
| 106 | @ar | |
| 200 | 1 | @a建设监理资料员一本通@Ajian she jian li zi liao yuan yi ben tong@f本书编委会编@Fben shu bian wei hui bian |
| 210 | @a哈尔滨@c哈尔滨工程大学出版社@d2008.01 | |
| 215 | @a358页@d26cm | |
| 225 | 2 | @a资料员一本通系列@Azi liao yuan yi ben tong xi lie |
| 320 | @a有书目 | |
| 330 | @a本书详细介绍了建设工程监理资料的编制要求、监理管理资料的编制、监理工作记录的填写、监理竣工验收资料的编制以及资料表格填写范例等内容。 | |
| 410 | 0 | @12001 @a资料员一本通系列 |
| 606 | 0 | @a建筑工程@Ajian zhu gong cheng@x监督管理@x技术档案@x档案管理 |
| 690 | @aG275.3@v4 | |
| 801 | 0 | @aCN@bQSSK@c20080509 |
| 905 | @b708786-90@dG275.3@eJ312@f5 | |
| 建设监理资料员一本通/本书编委会编.-哈尔滨:哈尔滨工程大学出版社,2008.01 |
| 358页;26cm.-(资料员一本通系列) |
| ISBN 978-7-81133-090-8:CNY50.00 |
| 本书详细介绍了建设工程监理资料的编制要求、监理管理资料的编制、监理工作记录的填写、监理竣工验收资料的编制以及资料表格填写范例等内容。 |
| ● |
| 相关链接 |
|
|
|
正题名:建设监理资料员一本通
索取号:G275.3/J312
 
预约/预借
| 序号 | 登录号 | 条形码 | 馆藏地/架位号 | 状态 | 备注 |
| 1 | 708786 | 207087864 | 社科库409/309社科库 88排2列3层/ [索取号:G275.3/J312] | 在馆 | |
| 2 | 708787 | 207087873 | 社科库409/409社科库 60排3列4层/ [索取号:G275.3/J312] | 在馆 | |
| 3 | 708788 | 207087882 | 社科库409/409社科库 60排3列4层/ [索取号:G275.3/J312] | 在馆 | |
| 4 | 708789 | 207087891 | 社科库409/309社科库 88排2列3层/ [索取号:G275.3/J312] | 在馆 | |
| 5 | 708790 | 207087908 | 社科库409/409社科库 60排3列4层/ [索取号:G275.3/J312] | 在馆 |